Know your enemy : (Record no. 4109)

MARC details
000 -LEADER
fixed length control field 00729cam a22002172 4500
001 - CONTROL NUMBER
control field 0000020407
005 - DATE AND TIME OF LATEST TRANSACTION
control field 20151217145924.0
008 - FIXED-LENGTH DATA ELEMENTS--GENERAL INFORMATION
fixed length control field 110916s xx 000 0 eng d
020 ## - INTERNATIONAL STANDARD BOOK NUMBER
International Standard Book Number 0195324860 :
040 ## - CATALOGING SOURCE
Original cataloging agency KABU
Transcribing agency KABU
100 1# - MAIN ENTRY--PERSONAL NAME
Personal name Engerman, David.
-- 0000180797
245 10 - TITLE STATEMENT
Title Know your enemy :
Remainder of title the rise and fall of America's soviet experts /
Statement of responsibility, etc. David C. Engerman.
250 ## - EDITION STATEMENT
Edition statement 1st ed.
260 ## - PUBLICATION, DISTRIBUTION, ETC. (IMPRINT)
Place of publication, distribution, etc. Oxford :
Name of publisher, distributor, etc. OUP,
Date of publication, distribution, etc. 2009.
300 ## - PHYSICAL DESCRIPTION
Extent x, 459 p.
650 #0 - SUBJECT ADDED ENTRY--TOPICAL TERM
Topical term or geographic name as entry element Soviet Union
General subdivision Study and teaching (higher)
Geographic subdivision United States.
-- 0000180798
650 #0 - SUBJECT ADDED ENTRY--TOPICAL TERM
Topical term or geographic name as entry element Cold war
General subdivision Study and teaching (higher)
Geographic subdivision United States.
-- 0000180799
852 1# - LOCATION
-- p3150 KES
908 ## - PUT COMMAND PARAMETER (RLIN)
Put command parameter 110916
950 ## - LOCAL HOLDINGS (RLIN)
-- 1
Holdings
Withdrawn status Lost status Source of classification or shelving scheme Not for loan Home library Current library Date acquired Total Checkouts Full call number Barcode Date last seen Price effective from Koha item type
    Library of Congress Classification   Kabarak, Main Campus Kabarak, Main Campus 17/12/2015   DK38.8 .E54 2009 c.1 21321 17/12/2015 17/12/2015 General Collection
Designed with assistance from East African Informatics Ltd